3 Letter Codes Germany - Statistics

General Stats
  • This quiz has been taken 292 times
  • The average score is 14 of 24
Answer Stats
Hint Answer % Correct
Hamburg HAM
93%
Düsseldorf DUS
92%
Frankfurt International FRA
91%
München MUC
91%
Bremen BRE
86%
Köln/Bonn CGN
80%
Dresden DRS
78%
Stuttgart STR
75%
Hannover HAJ
71%
Nürnberg NUE
68%
Berlin Tegel TXL
66%
Leipzig LEJ
64%
Dortmund DTM
61%
Paderborn-Lippstadt PAD
59%
Münster/Osnabrück FMO
48%
Frankfurt Hahn HHN
44%
Berlin Schönefeld SXF
44%
Friedrichshafen FDH
42%
Memmingen FMM
41%
Saarbrücken SCN
36%
Rostock RLG
33%
Karlsruhe FKB
32%
Westerland (Sylt) GWT
25%
Weeze NRN
25%
No matching quizzes found
Score Distribution
Percent of People with Each Score
Percentile by Number Answered
Your Score History
You have not taken this quiz